Statistics for Greatest Selling Artists of the 70s and 80s

Click here to take the quiz!

General Stats

  • This quiz has been taken 1,977 times
    (1,975 since last reset)
  • The average score is 7 of 15

Answer Stats

Hint Answer % Correct
1983 - Michael JacksonThriller
89%
1984 - Michael JacksonThriller
89%
1985 - Bruce SpringsteenBorn in the USA
78%
1980 - Pink FloydThe Wall
71%
1977 - Fleetwood MacRumours
70%
1970 - Simon and GarfunkelBridge over Troubled Water
65%
1978 - Bee GeesSaturday Night Fever
64%
1974 - Elton JohnGoodbye Yellow Brick Road
47%
1976 - Peter FramptonFrampton Comes Alive
39%
1972 - Neil YoungHarvest
36%
1982 - AsiaAsia
22%
1979 - Billy Joel52nd Street
15%
1975 - Elton JohnElton John's Greatest Hits
14%
1981 - REO SpeedwagonHi Infidelity
9%
1973 - WarThe World Is a Ghetto
2%

Score Distribution

Percentile by Number Answered

Percent of People with Each Score

Your Score History

You have not taken this quiz since the last reset